000 01349cad a22001935a 4500
001 L153097
008 110607s2011 xxk f 000 0 eng d
035 _a(Sirsi) u153097
041 0 _aeng
110 2 _aUnited Kingdom
_bDepartment for Environment, Food and Rural Affairs
245 0 4 _aThe natural choice
_bsecuring the value of nature
_h[electronic resource]
260 _aLondon
_bDEFRA
_c2011
520 _aNatural Environment White Paper outlines the governments' vision for the natural environment for the next 50 years. The paper intends to curb the loss of nature across England and strengthen links between people and the wild. Key measures include new Nature Improvement Areas to transform rural and urban areas and provide bigger connected sites for wildlife to live in and adapt to climate change, Green Areas Designation to allow local communities to give protection to areas that are important to them and an annual statement of green accounts for UK Plc which show where the economy has withdrawn from the value of nature's bank balance and where it has been invested.
590 _aKA NTK
651 4 _aEngland
_y886-
690 _aENVIRONMENT AND LAND CONSULTANCY-SUSTAINABILITY
856 4 0 _uhttps://www.official-documents.gov.uk/document/cm80/8082/8082.pdf
_zView the item free of charge at archive.defra.gov.uk
942 _n0
999 _c112374
_d112374